<?xml version="1.0" encoding="UTF-8"?>
<record
    xmlns:xsi="http://www.w3.org/2001/XMLSchema-instance"
    xsi:schemaLocation="http://www.loc.gov/MARC21/slim http://www.loc.gov/standards/marcxml/schema/MARC21slim.xsd"
    xmlns="http://www.loc.gov/MARC21/slim">

  <leader>00324nam a22001457a 4500</leader>
  <controlfield tag="003">SGT</controlfield>
  <datafield tag="020" ind1=" " ind2=" ">
    <subfield code="a">978-93-83290-48-2</subfield>
  </datafield>
  <datafield tag="082" ind1=" " ind2=" ">
    <subfield code="a">615.19</subfield>
    <subfield code="b">P18S</subfield>
  </datafield>
  <datafield tag="100" ind1=" " ind2=" ">
    <subfield code="a">SHAH,SAPAN.K</subfield>
  </datafield>
  <datafield tag="245" ind1=" " ind2=" ">
    <subfield code="a">PRACTICAL PHARMACEUTICAL ANALYSIS</subfield>
  </datafield>
  <datafield tag="260" ind1=" " ind2=" ">
    <subfield code="a">JALANDHAR</subfield>
    <subfield code="b">S.VIKASH</subfield>
    <subfield code="c">2018</subfield>
  </datafield>
  <datafield tag="300" ind1=" " ind2=" ">
    <subfield code="a">104</subfield>
  </datafield>
  <datafield tag="650" ind1=" " ind2=" ">
    <subfield code="a">PHARMACY</subfield>
  </datafield>
  <datafield tag="942" ind1=" " ind2=" ">
    <subfield code="2">ddc</subfield>
    <subfield code="c">BK</subfield>
  </datafield>
  <datafield tag="952" ind1=" " ind2=" ">
    <subfield code="0">0</subfield>
    <subfield code="1">0</subfield>
    <subfield code="2">ddc</subfield>
    <subfield code="4">0</subfield>
    <subfield code="7">0</subfield>
    <subfield code="8">FP</subfield>
    <subfield code="a">APL</subfield>
    <subfield code="b">APL</subfield>
    <subfield code="c">TXT</subfield>
    <subfield code="d">2019-04-05</subfield>
    <subfield code="e">AHUJA PUB</subfield>
    <subfield code="g">105.00</subfield>
    <subfield code="i">SGTU</subfield>
    <subfield code="l">1</subfield>
    <subfield code="o">615.19 P18S</subfield>
    <subfield code="p">FP3208</subfield>
    <subfield code="r">2019-09-27 00:00:00</subfield>
    <subfield code="s">2019-08-24</subfield>
    <subfield code="w">2019-04-03</subfield>
    <subfield code="y">BK</subfield>
    <subfield code="k">10918</subfield>
  </datafield>
  <datafield tag="952" ind1=" " ind2=" ">
    <subfield code="0">0</subfield>
    <subfield code="1">0</subfield>
    <subfield code="2">ddc</subfield>
    <subfield code="4">0</subfield>
    <subfield code="7">0</subfield>
    <subfield code="8">FP</subfield>
    <subfield code="a">APL</subfield>
    <subfield code="b">APL</subfield>
    <subfield code="c">TXT</subfield>
    <subfield code="d">2019-04-05</subfield>
    <subfield code="e">AHUJA PUB</subfield>
    <subfield code="g">105.00</subfield>
    <subfield code="i">SGTU</subfield>
    <subfield code="l">0</subfield>
    <subfield code="o">615.19 P18S</subfield>
    <subfield code="p">FP3209</subfield>
    <subfield code="r">2019-04-05 00:00:00</subfield>
    <subfield code="w">2019-04-03</subfield>
    <subfield code="y">BK</subfield>
    <subfield code="k">10918</subfield>
  </datafield>
  <datafield tag="952" ind1=" " ind2=" ">
    <subfield code="0">0</subfield>
    <subfield code="1">0</subfield>
    <subfield code="2">ddc</subfield>
    <subfield code="4">0</subfield>
    <subfield code="7">0</subfield>
    <subfield code="8">FP</subfield>
    <subfield code="a">APL</subfield>
    <subfield code="b">APL</subfield>
    <subfield code="c">TXT</subfield>
    <subfield code="d">2019-04-05</subfield>
    <subfield code="e">AHUJA PUB</subfield>
    <subfield code="g">105.00</subfield>
    <subfield code="i">SGTU</subfield>
    <subfield code="l">0</subfield>
    <subfield code="o">615.19 P18S</subfield>
    <subfield code="p">FP3210</subfield>
    <subfield code="r">2019-04-05 00:00:00</subfield>
    <subfield code="w">2019-04-03</subfield>
    <subfield code="y">BK</subfield>
    <subfield code="k">10918</subfield>
  </datafield>
  <datafield tag="952" ind1=" " ind2=" ">
    <subfield code="0">0</subfield>
    <subfield code="1">0</subfield>
    <subfield code="2">ddc</subfield>
    <subfield code="4">0</subfield>
    <subfield code="7">0</subfield>
    <subfield code="8">FP</subfield>
    <subfield code="a">APL</subfield>
    <subfield code="b">APL</subfield>
    <subfield code="c">TXT</subfield>
    <subfield code="d">2019-04-05</subfield>
    <subfield code="e">AHUJA PUB</subfield>
    <subfield code="g">105.00</subfield>
    <subfield code="i">SGTU</subfield>
    <subfield code="l">1</subfield>
    <subfield code="o">615.19 P18S</subfield>
    <subfield code="p">FP3211</subfield>
    <subfield code="r">2019-08-22 00:00:00</subfield>
    <subfield code="s">2019-08-10</subfield>
    <subfield code="w">2019-04-03</subfield>
    <subfield code="y">BK</subfield>
    <subfield code="k">10918</subfield>
  </datafield>
  <datafield tag="952" ind1=" " ind2=" ">
    <subfield code="0">0</subfield>
    <subfield code="1">0</subfield>
    <subfield code="2">ddc</subfield>
    <subfield code="4">0</subfield>
    <subfield code="7">0</subfield>
    <subfield code="8">FP</subfield>
    <subfield code="a">APL</subfield>
    <subfield code="b">APL</subfield>
    <subfield code="c">TXT</subfield>
    <subfield code="d">2019-04-05</subfield>
    <subfield code="e">AHUJA PUB</subfield>
    <subfield code="g">105.00</subfield>
    <subfield code="i">SGTU</subfield>
    <subfield code="l">0</subfield>
    <subfield code="o">615.19 P18S</subfield>
    <subfield code="p">FP3212</subfield>
    <subfield code="r">2019-04-05 00:00:00</subfield>
    <subfield code="w">2019-04-03</subfield>
    <subfield code="y">BK</subfield>
    <subfield code="k">10918</subfield>
  </datafield>
  <datafield tag="952" ind1=" " ind2=" ">
    <subfield code="0">0</subfield>
    <subfield code="1">0</subfield>
    <subfield code="2">ddc</subfield>
    <subfield code="4">0</subfield>
    <subfield code="7">0</subfield>
    <subfield code="8">FP</subfield>
    <subfield code="a">APL</subfield>
    <subfield code="b">APL</subfield>
    <subfield code="c">TXT</subfield>
    <subfield code="d">2019-04-05</subfield>
    <subfield code="e">AHUJA PUB</subfield>
    <subfield code="g">105.00</subfield>
    <subfield code="i">SGTU</subfield>
    <subfield code="l">0</subfield>
    <subfield code="o">615.19 P18S</subfield>
    <subfield code="p">FP3213</subfield>
    <subfield code="r">2019-04-05 00:00:00</subfield>
    <subfield code="w">2019-04-03</subfield>
    <subfield code="y">BK</subfield>
    <subfield code="k">10918</subfield>
  </datafield>
  <datafield tag="952" ind1=" " ind2=" ">
    <subfield code="0">0</subfield>
    <subfield code="1">0</subfield>
    <subfield code="2">ddc</subfield>
    <subfield code="4">0</subfield>
    <subfield code="5">1</subfield>
    <subfield code="7">0</subfield>
    <subfield code="8">FP</subfield>
    <subfield code="a">APL</subfield>
    <subfield code="b">APL</subfield>
    <subfield code="c">REF</subfield>
    <subfield code="d">2019-04-05</subfield>
    <subfield code="e">AHUJA PUB</subfield>
    <subfield code="g">105.00</subfield>
    <subfield code="i">SGTU</subfield>
    <subfield code="o">615.19 P18S</subfield>
    <subfield code="p">FP3214</subfield>
    <subfield code="r">2019-04-05 00:00:00</subfield>
    <subfield code="w">2019-04-03</subfield>
    <subfield code="y">BK</subfield>
    <subfield code="k">10918</subfield>
  </datafield>
  <datafield tag="999" ind1=" " ind2=" ">
    <subfield code="c">17341</subfield>
    <subfield code="d">17341</subfield>
  </datafield>
</record>
